Т. 1 (1) : Симпозиум "Математика и техносфера"; Актуальные проблемы фундаментальных наук

Bibliographic Details
Parent link:Актуальные проблемы фундаментальных наук: труды 2-ой Международной научно-технической конференции, Москва, 24-28 января 1994: в 7-ми т./ Московский Государственный технический университет им. Н. Э. Баумана. Т. 1 (1) : Симпозиум "Математика и техносфера".— , 1994-
Summary:Приложение: Программа в 2 -х частях
Language:Russian
Published: 1994
Subjects:
Format: Book
KOHA link:https://koha.lib.tpu.ru/cgi-bin/koha/opac-detail.pl?biblionumber=74080

MARC

LEADER 00000nam2a2200000 4500
001 74080
005 20231031084905.0
035 |a (RuTPU)RU\TPU\book\79014 
090 |a 74080 
100 |a 20050228d1994 k y0rusy50 ca 
101 0 |a rus 
102 |a RU 
105 |a y z 101zy 
200 0 |a Т. 1 (1) : Симпозиум "Математика и техносфера" 
210 |d 1994 
215 |a 172 с. 
300 |a Приложение: Программа в 2 -х частях 
320 |a Библиогр. в конце статей 
461 1 |0 (RuTPU)RU\TPU\book\79008  |t Актуальные проблемы фундаментальных наук  |o труды 2-ой Международной научно-технической конференции, Москва, 24-28 января 1994: в 7-ми т.  |f Московский Государственный технический университет им. Н. Э. Баумана  |v Т. 1 (1) : Симпозиум "Математика и техносфера"  |d 1994- 
610 1 |a техника 
610 1 |a математика 
610 1 |a техносфера 
610 1 |a конференции 
610 1 |a техносфера 
610 1 |a наука 
675 |a 62(063)  |v 3 
675 |a 51(063)  |v 3 
675 |a 550.7(063)  |v 3 
801 1 |a RU  |b 63413507  |c 20050228  |g PSBO 
801 2 |a RU  |b 63413507  |c 20170831  |g PSBO 
942 |c BK